Principles of sociology / (Record no. 1725)
[ view plain ]
| 000 -LEADER | |
|---|---|
| fixed length control field | 00458cam a2200181ua 4500 |
| 041 ## - LANGUAGE CODE | |
| Language code of text/sound track or separate title | eng |
| 082 ## - DEWEY DECIMAL CLASSIFICATION NUMBER | |
| Classification number | 301 |
| Item number | YOU/PR |
| 100 ## - MAIN ENTRY--AUTHOR NAME | |
| Personal name | Young, Kimball . |
| 245 ## - TITLE STATEMENT | |
| Title | Principles of sociology / |
| 260 ## - PUBLICATION, DISTRIBUTION, ETC. (IMPRINT) | |
| Place of publication | New Delhi : |
| Name of publisher | Eurasia Publishing house pvt ltd , |
| Year of publication | 1983. |
| 300 ## - PHYSICAL DESCRIPTION | |
| Number of Pages | 344 ; . |
| 700 1# - ADDED ENTRY--PERSONAL NAME | |
| Personal name | Mack, Raymond.W . |
| 942 ## - ADDED ENTRY ELEMENTS (KOHA) | |
| Koha item type | Books |
| Withdrawn status | Lost status | Damaged status | Home library | Current library | Date acquired | Full call number | Accession Number | Koha item type |
|---|---|---|---|---|---|---|---|---|
| Withdrawn | KAUAET | Sanskrit University | 07/04/2012 | 301 | 413 | Books | ||
| Withdrawn | KAUAET | Sanskrit University | 19/01/2021 | 301 YOU/PR | 2649 | Books |
